| 000 | 00756nam a22002057a 4500 | ||
|---|---|---|---|
| 999 |
_c12329 _d12329 |
||
| 003 | AR-CdUCM | ||
| 008 | 190408b ||||| |||| 00| 0 spa d | ||
| 040 |
_aMUNICIPALIDAD PROVINCIAL DEL CUSCO _cBIBLIOTECA MUNICIPAL DEL CUSCO |
||
| 082 |
_22ed. _a347 / _bL22 / 1902 |
||
| 100 |
_aLama, Miguel Antonio De La _928722 |
||
| 245 | _aPerú cogido de comercio y ley procesal quiebras y suspensión de pagos / | ||
| 260 |
_aLima : _bGil, _c1902. |
||
| 300 |
_a745 páginas ; _c21 cm. |
||
| 505 | _aContenido : Nociones filosóficas -- Nociones Históricas -- Exposición de motivos -- Dictámenes legislativos ... | ||
| 650 |
_aDerecho _9739 |
||
| 650 |
_aCódigo _928063 |
||
| 650 |
_aComercial _927292 |
||
| 942 |
_2ddc _cLIBROS |
||
| 945 |
_arah _d08/04/2019 |
||